Loading...
| Science - Physics | 0 | 12 | 1 | 1 | 115 | 50 | 83.00 | 4 | 8 | 0.00 | 0.00 |
| Science - Chemistry | 0 | 9 | 2 | 2 | 80 | 35 | 103.67 | 1 | 3 | 0.00 | 0.00 |
| Science - Biology | 0 | 8 | 1 | 4 | 75 | 54 | 112.00 | 1 | 1 | 0.00 | 0.00 |
| Science - Other | 0 | 7 | 2 | 2 | 60 | 74 | 108.71 | 1 | 1 | 0.00 | 0.00 |
| Mythology | 0 | 1 | 0 | 0 | 10 | 65 | 65.00 | 0 | 0 | 0.00 | 0.00 |
| Current Events | 0 | 1 | 0 | 0 | 10 | 82 | 82.00 | 0 | 1 | 0.00 | 0.00 |
| Religion | 0 | 1 | 0 | 1 | 10 | 129 | 129.00 | 0 | 0 | 0.00 | 0.00 |
| Fine Arts - Classical Music | 0 | 1 | 0 | 0 | 10 | 142 | 142.00 | 0 | 0 | 0.00 | 0.00 |
| Fine Arts - Painting & Sculpture | 0 | 1 | 0 | 0 | 10 | 55 | 55.00 | 1 | 1 | 0.00 | 0.00 |
| Geography | 0 | 1 | 0 | 0 | 10 | 87 | 87.00 | 0 | 0 | 0.00 | 0.00 |